| 000 | 00840cam a22002773a 4500 | ||
|---|---|---|---|
| 001 | 20477 | ||
| 003 | PGUSA | ||
| 005 | 20140828083431.0 | ||
| 008 | 070128s2007||||xxu|||||s|||||000 | eng d | ||
| 040 |
_aPGUSA _beng |
||
| 042 | _adc | ||
| 050 | 4 | _aPR | |
| 100 | 1 |
_aAytoun, William Edmondstoune, _d1813-1865 |
|
| 245 | 1 | 4 |
_aThe Book of Ballads, edited by Bon Gaultier [pseud.] _h[electronic resource] / _cWilliam Edmondstoune Aytoun |
| 260 |
_bProject Gutenberg, _c2007 |
||
| 506 | _aPublic domain in the USA. | ||
| 516 | _aElectronic text | ||
| 653 | _aParodies | ||
| 700 | 1 |
_aLeech, John, _d1817-1864 |
|
| 700 | 1 |
_aDoyle, Richard, _d1824-1883 |
|
| 700 | 1 |
_aCrowquill, Alfred, _d1804-1872 |
|
| 740 | 0 | _aBon Gaultier Ballads | |
| 830 | 0 |
_aProject Gutenberg _v20477 |
|
| 856 | 4 | 0 | _uhttp://www.gutenberg.org/ebooks/20477 |
| 942 | _cEB | ||
| 999 |
_c249732 _d249732 |
||